El cerebro narrativo (Record no. 4781)

MARC details
000 -CABECERA
campo de control de longitud fija 03438nam a2200217 a 4500
001 - NÚMERO DE CONTROL
campo de control Rebiun33976468
008 - DATOS DE LONGITUD FIJA--INFORMACIÓN GENERAL
campo de control de longitud fija 230915s2023 sp 001 0 spa c
020 ## - NÚMERO INTERNACIONAL ESTÁNDAR DEL LIBRO
Número Internacional Estándar del Libro 9788419261595
040 ## - FUENTE DE LA CATALOGACIÓN
Centro catalogador/agencia de origen USPCEU-AAS
Lengua de catalogación English
Centro/agencia transcriptor tbs
041 ## - CÓDIGO DE LENGUA
Código de lengua del texto/banda sonora o título independiente Spanish
100 ## - ENTRADA PRINCIPAL--NOMBRE DE PERSONA
Nombre de persona Breithaupt, Fritz
9 (RLIN) 25544
Término indicativo de función/relación author
245 13 - MENCIÓN DE TÍTULO
Título El cerebro narrativo
Resto del título : lo que nuestras neuronas cuentan
Mención de responsabilidad, etc. / Fritz Breithaupt ; translated by Joaquín Chamorro Mielke.
260 ## - PUBLICACIÓN, DISTRIBUCIÓN, ETC.
Lugar de publicación, distribución, etc. Madrid :
Nombre del editor, distribuidor, etc. Sextopiso,
Fecha de publicación, distribución, etc. 2023
300 ## - DESCRIPCIÓN FÍSICA
Extensión 317 pages ;
Dimensiones 24 cm
520 ## - SUMARIO, ETC.
Sumario, etc. Los seres humanos vivimos rodeados de historias que condicionan nuestro modo de entender el mundo y de entendernos entre nosotros. Estas historias pueden ser reales o ficticias, propias o ajenas, alegres o descorazonadoras, pero nunca pasan desapercibidas: nuestro cerebro las interpreta, las registra y las utiliza. A través de las narraciones vemos y oímos, nos comunicamos, aprendemos del entorno y le damos forma a todo estímulo que nos llega; en definitiva, a través de las narraciones vivimos.<br/>En este brillante ensayo, el profesor de Ciencias Cognitivas Fritz Breithaupt arroja luz sobre los sofisticados mecanismos neuronales que hacen que el cerebro interprete el mundo a través de las historias que recibe y las que él mismo fabrica. Breithaupt nos habla de literatura, de sociología y de nuestra vida cotidiana; desentraña las particularidades de aquellas narraciones que residen en nosotros casi instintivamente, como las de los hermanos Grimm; y explica cómo las sociedades precisan de relatos colectivos que las ayuden a superar sus traumas, como ocurrió tras el 11-S o como, apunta, ocurre y ocurrirá tras la pandemia del coronavirus. El cerebro narrativo es una obra rigurosa y didáctica que combina con equilibrio la investigación científica profunda con ejemplos extraídos de la literatura, el cine o la vida cotidiana. Es, en resumen, una fascinante indagación acerca del modo en que las narraciones nos hacen ser quienes somos.
520 ## - SUMARIO, ETC.
Sumario, etc. Human beings live surrounded by stories that shape how we understand the world and relate to one another. These stories may be real or fictional, personal or shared, joyful or heartbreaking, but they are never neutral: our brains interpret them, store them, and put them to use. Through narrative we see and hear, we communicate, we learn from our environment, and we give meaning to every stimulus we receive. In short, it is through narrative that we live.<br/><br/>In this brilliant essay, Professor of Cognitive Science Fritz Breithaupt sheds light on the sophisticated neural mechanisms that allow the brain to interpret the world through the stories it absorbs—and those it creates. Breithaupt draws from literature, sociology, and everyday life; he unpacks the particularities of stories that dwell within us almost instinctively, such as the tales of the Brothers Grimm; and he explains how societies depend on shared narratives to overcome trauma, as seen after 9/11 or, as he suggests, in the wake of the coronavirus pandemic.<br/><br/>The Narrative Brain is a rigorous and highly readable work that strikes a fine balance between in-depth scientific research and examples drawn from literature, film, and daily life. It is, in essence, a fascinating exploration of how stories shape who we are.
650 00 - PUNTO DE ACCESO ADICIONAL DE MATERIA--TÉRMINO DE MATERIA
Término de materia o nombre geográfico como elemento de entrada Cognition
9 (RLIN) 6853
650 00 - PUNTO DE ACCESO ADICIONAL DE MATERIA--TÉRMINO DE MATERIA
Término de materia o nombre geográfico como elemento de entrada Neurobiology
9 (RLIN) 25542
700 ## - ENTRADA AGREGADA--NOMBRE PERSONAL
Nombre de persona Chamorro Mielke, Joaquín
Término indicativo de función/relación translator
9 (RLIN) 25506
942 ## - ELEMENTOS DE ENTRADA AGREGADA (KOHA)
Fuente del sistema de clasificación o colocación Clasificación de Library of Congress
Holdings
Estado de retiro Estado de pérdida Fuente del sistema de clasificación o colocación Estado dañado No para préstamo Biblioteca de origen Biblioteca actual Fecha de adquisición Total de préstamos Signatura topográfica completa Código de barras Fecha visto por última vez Número de copia Precio válido a partir de Tipo de ítem Koha
    Clasificación de Library of Congress     TBS Barcelona TBS Barcelona 19/06/2025   BF311 BRE B05764 19/06/2025 1 19/06/2025 Book

Powered by Koha